Every NFL Teams Starting QB into Week 15 - Statistics

General Stats
  • This quiz has been taken 42 times
  • The average score is 26 of 32
Answer Stats
Team QB Name % Correct
Bengals Joe Burrow
100%
Cowboys Dak Prescott
97%
Lions Jared Goff
97%
Bills Josh Allen
97%
Broncos Bo Nix
94%
Texans CJ Stroud
94%
Commanders *If starter is OKed for this week* Jayden Daniels
94%
Packers Jordan Love
94%
Ravens Lamar Jackson
94%
Bears Caleb Williams
91%
Eagles Jalen Hurts
91%
Rams Matthew Stafford
91%
Chiefs Patrick Mahomes
91%
Colts *If Current Starter is Healthy* Phillip RIvers
91%
Steelers Aaron Rodgers
89%
Patriots Drake Maye
89%
Raiders Geno Smith
89%
Giants Jaxson Dart
89%
Buccaneers Baker Mayfield
86%
Falcons Kirk Cousins
86%
Seahawks Sam Darnold
86%
Dolphins Tua Tagovailoa
86%
49ers Brock Purdy
83%
Panthers Bryce Young
83%
Chargers Justin Herbert
83%
Vikings JJ McCarthy
80%
Titans Cam Ward
77%
Cardinals Jacoby Brissett
77%
Browns Shedeur Sanders
63%
Jets Tyrod Taylor
51%
Saints Tyler Shough
26%
Jaguars Trevor Lawerance
0%
No matching quizzes found
Score Distribution
Percent of People with Each Score
Percentile by Number Answered
Your Score History
You have not taken this quiz